000 01195cam a2200229 4500
001 WB@3612-727
008 041019n2004 000 0 eng u
035 _a(Sirsi) u127763
245 _aUrban life in 20 years time
260 _c2004
490 _aRegeneration and Renewal
_v15 October 2004, 11 (1)
520 _a"Riding the rapids: urban life in an age of complexity" has been published by Building Futures. It attempts to predict what the housing situation in Britain will be like in 20 years time. It suggests that the focus of regeneration will in the future switch from inner-city areas to the suburbs. This will be due to the mass of suburban building over the last 60 years coming to the end of its life and needing regeneration. The report also suggests a need for more than five million extra homes to cope with the rise of single person households as marriage declines. The report is available from: http://www.buildingfutures.org.uk/frameset.htm.
590 _aWB
590 _aWB
650 _aURBAN RENEWAL
650 _aSUBURBAN AREAS
650 _aPLANNING
650 _aHOUSING-DEVELOPMENT
650 _aFUTURE DEMAND
690 _aREGENERATION
942 _n0
999 _c118193
_d118193